000 00520nam a2200169Ia 4500
003 GCL
008 140319s9999 xx 000 0 ara d
040 _aGCL /
_cGCL
082 0 4 _a219.5
_bا ح
100 1 _aاحمد زكى تفاحة
245 1 0 _aحوار بين الفكر الدينى والفكر المادى /
_cاحمد زكى تفاحة
260 _a[S.N] :
_bدار الكتاب اللبنانى ،
_c1982
300 _a141 ص
490 _a
650 0 4 _aالدين والاقتصاد
942 _2ddc
_cBK
999 _c33552
_d33552